000 00499nam a2200181Ia 4500
001 12881
005 20260306163013.0
008 260306t1990||||xx |||||||||||||| ||spa||
041 _aESP
082 _aRD 423.61
_bD71
100 _aSpears, Richard A. (Ed.)
_eAUT
245 0 _aDiccionario básico norteamericano:
_bdiccionario fundamental para el estudio de l inglés
260 _c1990
300 _axv, 253 páginas :
_c24 cm.
650 _aGEN
654 _aCHU
942 _cDIC
_dJUS
_fJUS
_2ddc
_n
999 _c12881
_d12881